|
|
|
|
| LEADER |
01068nam a22002537a 4500 |
| 001 |
29229 |
| 003 |
BD-DhAAL |
| 005 |
20150512143651.0 |
| 008 |
150512s2009 cc ||||| |||| 00| 0 cen d |
| 020 |
|
|
|a 9787208082014
|
| 040 |
|
|
|a BD-DhAAL
|c BD-DhAAL
|
| 082 |
|
|
|2 22
|a 495.15
|
| 245 |
|
|
|a 改革开放中汉语词汇的发展 = Gaige kaifang zhong hanyu cihui de fazhan /
|c Lian Tao; et al
|
| 246 |
|
|
|a Gai ge kai fang zhong Han yu ci hui de fa zhan = Gaige kaifang zhong hanyu cihui de fazhan
|
| 260 |
|
|
|a Shanghai :
|b Shanghai ren min chu ban she,
|c 2008
|
| 300 |
|
|
|a 3, 290 p. ;
|c 21 cm.
|
| 500 |
|
|
|a "Shanghai wen hua fa zhan ji jin zi zhu xiang mu."
|
| 541 |
|
|
|e 29229
|
| 650 |
|
|
|a Chinese language
|v Lexicology
|9 10949
|
| 700 |
|
|
|a Lian Tao
|9 10950
|
| 852 |
|
|
|a Ayesha Abed Library
|c General Stacks
|
| 942 |
|
|
|2 ddc
|c BK
|
| 999 |
|
|
|c 34389
|d 34389
|
| 952 |
|
|
|0 0
|1 0
|2 ddc
|4 0
|6 495_150000000000000_GAI
|7 0
|9 53693
|a BRACUL
|b BRACUL
|c GEN
|d 2015-05-12
|e BRAC Institute of Language
|l 0
|o 495.15 GAI
|p 3010029229
|r 2015-05-12
|t 1
|w 2015-05-12
|y BK
|x Transferred from BIL to BRACUL on 06/06/22
|